Statistiques concernant Culture générale (difficile)

Cliquez ici pour prendre le quiz!

Statistiques générales

  • Ce quiz a été pris 450 fois
  • Le résultat moyen est 5 sur 20

Statistiques - réponses

QuestionRéponse% Correct
Pays dont le nom poétique est ÉrinIrlande
62%
Pays dont la capitale est AmmanJordanie
61%
Archipel ayant fait l'objet d'un conflit entre l'Angleterre et l'Argentine en 1982Malouines
59%
Nom donné aux militantes revendiquant le droit de vote pour les femmes au Royaume-Uni au début du 20e sièclesuffragette
55%
Le conditionnement classique est également connu sous le nom de "Réflexe de..."Pavlov
48%
Département français dont la préfecture est PrivasArdèche
34%
Le test de Rorschach est un test effectué à l'aide de...taches
32%
Président français en poste lors de la Première Guerre MondialePoincaré
30%
Une plante qui peut vivre plusieurs années est appelé plante...vivace
28%
Ubu roi est une pièce de théâtre écrite par...Jarry
26%
Compositeur de Pierre et le loupProkofiev
25%
Le terme avunculaire qualifie la relation entre une personne de référence et son...oncle
17%
Pays vainqueur de l'épreuve de football aux Jeux Olympiques 2012Mexique
15%
De qui est cette citation : "Les lois inutiles affaiblissent les lois nécessaires"Montesquieu
8%
Mer côtière de l'Indonésie, du Timor oriental et de l'AustralieTimor
7%
En linguistique, succession de 2 voyelles appartenant à des syllabes différenteshiatus
7%
Partie de la médecine ayant pour objet les précautions propres à préserver d'une maladieprophylaxie
6%
Nom donné à un territoire sur lequel plusieurs états souverains exercent une souveraineté conjointecondominium
5%
Nom officiel de la monnaie chinoise, dont l'unité de compte est le yuanrenminbi
5%
Dans la mythologie grecque, personnification de la destinée, de la fatalitéAnanké
2%

Distribution des résultats

Percentile par nombre de réponses

% des personnes avec chaque résultat

Votre développement - résultats

Vous n’avez pas pris ce quiz